000 01852nam a2200253Ia 4500
008 260220t1974||||xx |||||||||||||| ||spa||
020 _a842050484X
040 _aPY-SlUNAC
_bspa
_erda
041 _aspa
082 _a512
_bD993a
100 _aDworatzchek, S.
_eAutor
245 0 _aÁlgebra de conmutación y circuitos digitales básicos /
_cpor S. Dworatzchek [Autor]
264 _aMadrid :
_bAlhambra,
_c℗1974.
300 _a163 páginas
520 _aEl libro "Álgebra de conmutación y circuitos digitales básicos" de S. Dworatzchek, publicado en 1974, ofrece un análisis profundo de los principios fundamentales del álgebra de conmutación, crucial para el diseño y la comprensión de circuitos digitales. A través de una exposición clara y estructurada, el autor explora conceptos esenciales como las variables booleanas, las funciones lógicas y las leyes del álgebra booleana, proporcionando herramientas matemáticas que facilitan la simplificación y el análisis de circuitos. Además, se abordan temas relacionados con la implementación de circuitos combinacionales y secuenciales, destacando la importancia de los diagramas de Karnaugh y las tablas de verdad. El texto también incluye ejemplos prácticos y ejercicios que permiten al lector aplicar los conceptos aprendidos. En conjunto, la obra sirve como un recurso valioso tanto para estudiantes como para profesionales en el ámbito de la ingeniería electrónica y la informática, promoviendo una comprensión sólida de las bases teóricas y prácticas en el campo de los circuitos digitales.
653 _aCircuitos eléctricos
653 _aMatemáticas
653 _aTeoría de sistemas
942 _b2026/02/17
_cBK
999 _c7459
_d7459